Science Quiz

Random Science or Blitz Quiz

Shortest Elements A-Z Blitz Quiz Stats

 Plays Quiz Updated Jul 3, 2017

Support Sporcle.
Go Orange.
Score 0/23 Timer 02:00
1 Play Today
Initial Element % Correct
CCarbon ...
90.3%
BBoron
87.9%
AArgon
81.7%
OOxygen ...
81%
NNeon
80.1%
TTin
79%
GGold
77.9%
ZZinc
77.2%
IIron
76.3%
XXenon
75.5%
SSodium ...
75.2%
HHelium
70.2%
Initial Element % Correct
LLead
69.2%
UUranium
64.3%
RRadon
63.1%
KKrypton
54.9%
YYttrium
50.4%
VVanadium
45.8%
EErbium
28.1%
PPlatinum ...
27.7%
MMercury
26%
FFermium
16.8%
DDubnium
16.3%

You're not logged in!

Compare scores with friends on all Sporcle quizzes.
OR
Log In
Forgot?

From the Vault

Foreign-Born Population: Finland

by dicanio

We believe pickled herring is probably the common motivating factor for all Finnish foreign immigration.
Remove Ads.
Support Sporcle.
Get the best of Sporcle when you Go Orange. This ad-free experience offers more features, more stats, and more fun while also helping to support Sporcle. Thank you for becoming a member.

Show Comments

Extras

Top Quizzes Today


Score Distribution

Your Account Isn't Verified!

In order to create a playlist on Sporcle, you need to verify the email address you used during registration. Go to your Sporcle Settings to finish the process.

Report this User

Report this user for behavior that violates our Community Guidelines.

Details: